000 00286nam a22001337a 4500
008 170306b xxu||||| |||| 00| 0 eng d
020 _a9780077401634
041 _aeng
080 _a611
100 _a6
101 _aSHM
245 _aANATOMY & PHYSIOLOGY
_cROIGER, D
942 _2udc
_cBK
999 _c6899
_d6899